01168nam a2200217 a 4500003000400000005001700004008004100021040001700062041000800079082002800087110005200115245011700167260007000284300002900354500017700383505023900560650002600799650003300825650004400858700004800902OSt20210802103945.0921230s1987 sp grb 000 0 spa  aDLCcCO-JMCR0 aspa04a332.10460 / bR288r2232 aReal Academia de Ciencias Morales y Políticas10aReflexiones sobre la banca /cReal Academia de Ciencias Morales y Políticas ; José Angel Sánchez Asiaín. aMadrid :bReal Academia de Ciencias Morales y Políticas,c1987. a144 páginas ; c24 cm. aDiscurso del académico de número Excmo. Sr. D. José Angel Sáchez Asianín y contestación Excmo. Sr. D Enrique Fuentes Quintana. "Sesión del 26 de Mayo de 1987"0 aLas función de la banca en el sistema económico. Su proceso de formación y elementos definitorios. -- Las transformaciones estructurales del mundo financiero. -- La nueva frontera. -- Del ayer al mañana. Una reflexión final.14aFunciones de la banca24aFunciones bancariasvRiesgos24aFunciones bancariasvtiempo y confianza2 aSánchez Asiaín, José Angel, ecoautor